Pi Digits 1-100 - Statistics

General Stats
  • This quiz has been taken 12,447 times
  • The average score is 68 of 100
Answer Stats
π % Correct
1
100%
4
98%
1
97%
5
96%
9
96%
2
95%
3
94%
5
94%
6
94%
5
93%
8
92%
9
92%
7
91%
2
90%
3
90%
9
90%
3
89%
8
89%
4
88%
2
87%
6
87%
4
86%
6
86%
3
85%
3
85%
8
84%
2
83%
3
83%
7
82%
9
82%
5
81%
0
80%
2
80%
8
79%
8
79%
1
78%
4
78%
9
77%
1
76%
7
76%
6
75%
9
75%
3
74%
9
74%
9
73%
3
72%
7
72%
1
71%
5
71%
0
69%
5
67%
8
66%
2
65%
0
64%
9
64%
4
63%
7
63%
4
62%
9
62%
4
61%
5
60%
9
59%
2
58%
3
58%
0
57%
7
57%
8
57%
1
56%
6
55%
0
54%
4
54%
2
53%
6
53%
6
52%
8
52%
0
51%
2
51%
8
50%
9
50%
9
49%
6
48%
8
48%
2
47%
8
47%
0
46%
3
46%
4
45%
8
45%
2
44%
3
43%
4
43%
5
43%
0
42%
1
42%
1
42%
2
42%
6
42%
7
42%
7
41%
9
40%
No matching quizzes found
Score Distribution
Percent of People with Each Score
Percentile by Number Answered
Your Score History
You have not taken this quiz